Zoología de los invertebrados

Αποθηκεύτηκε σε:
Λεπτομέρειες βιβλιογραφικής εγγραφής
Κύριος συγγραφέας: Barnes, Robert D
Μορφή: Βιβλίο
Γλώσσα:Ισπανικά
Έκδοση: Cuernavaca, México Interamericana S.A 1989
Έκδοση:5a. edición
Θέματα:
Ετικέτες: Προσθήκη ετικέτας
Δεν υπάρχουν, Καταχωρήστε ετικέτα πρώτοι!

MARC

LEADER 00000cam a2200000 a 4500
001 UCC8326
003 CL-VaPUC
005 20240805111844.0
008 190621e19890000mx |||||||||||||||||spa|d
999 |c 374672  |d 374670 
020 |a 9682514460 
040 |c Pontificia Universidad Católica de Valparaíso 
082 0 4 |a 592 BAR 1989  |2 21 
100 0 |a Barnes, Robert D  |9 602997 
245 1 0 |a Zoología de los invertebrados 
250 |a 5a. edición 
260 |a Cuernavaca, México   |b Interamericana S.A  |c 1989 
300 |a 957 páginas 
583 |a last modification  |c 20190621 12:31:00  |k Rodrigo Vera 
650 0 |a Invertebrados  |9 261302 
650 0 |a Zoología  |9 261613 
650 0 |a Protozoarios  |9 338534 
650 0 |a Artrópodos  |9 269503 
852 |a BIBCUR 
942 |c BK  |2 ddc 
945 |d 20190621 12:31:00  |a dcastane 
952 |0 0  |1 0  |2 ddc  |3 erb  |4 0  |6 592_000000000000000_BAR_1989  |7 0  |8 A  |9 493335  |a BIBCUR  |b BIBCUR  |d 2019-06-19  |e 11  |g 15000.00  |i 5553296  |l 5  |m 1  |o 592 BAR 1989  |p 5553296  |r 2025-04-22  |s 2024-09-11  |t 1  |v 15000.00  |w 2019-11-24  |y BK  |z Catalogado en:20190621  |k BIO 
952 |0 0  |1 0  |2 ddc  |3 erb  |4 0  |6 592_000000000000000_BAR_1989  |7 0  |8 A  |9 493336  |a BIBCUR  |b BIBCUR  |d 2019-06-19  |e 11  |g 15000.00  |i 5553288  |l 6  |m 1  |o 592 BAR 1989  |p 5553288  |r 2025-04-22  |s 2024-10-04  |t 2  |v 15000.00  |w 2019-11-24  |y BK  |z Catalogado en:20190621  |k BIO 
952 |0 0  |1 0  |2 ddc  |3 erb  |4 0  |6 592_000000000000000_BAR_1989  |7 0  |8 A  |9 493337  |a BIBCUR  |b BIBCUR  |d 2019-06-19  |e 11  |g 15000.00  |i 555327K  |l 1  |o 592 BAR 1989  |p 555327K  |r 2025-04-22  |s 2024-10-22  |t 3  |v 15000.00  |w 2019-11-24  |y BK  |z Catalogado en:20190621  |k BIO 
952 |0 0  |1 0  |2 ddc  |3 erb  |4 0  |6 592_000000000000000_BAR_1989  |7 0  |8 A  |9 493338  |a BIBCUR  |b BIBCUR  |d 2019-06-19  |e 11  |g 15000.00  |i 5553326  |o 592 BAR 1989  |p 5553326  |r 2025-04-22  |t 4  |v 15000.00  |w 2019-11-24  |y BK  |z Catalogado en:20190621  |k BIO 
952 |0 0  |1 0  |2 ddc  |3 erb  |4 0  |6 592_000000000000000_BAR_1989  |7 0  |8 A  |9 493339  |a BIBCUR  |b BIBCUR  |d 2019-06-19  |e 11  |g 15000.00  |i 5553318  |l 1  |o 592 BAR 1989  |p 5553318  |r 2025-04-22  |s 2023-10-23  |t 5  |v 15000.00  |w 2019-11-24  |y BK  |z Catalogado en:20190621  |k BIO 
952 |0 0  |1 0  |2 ddc  |3 erb  |4 0  |6 592_000000000000000_BAR_1989  |7 0  |8 A  |9 493340  |a BIBCUR  |b BIBCUR  |d 2019-06-19  |e 11  |g 15000.00  |i 555330K  |o 592 BAR 1989  |p 555330K  |r 2025-04-22  |t 6  |v 15000.00  |w 2019-11-24  |y BK  |z Catalogado en:20190621  |k BIO